Harry Potter: Le Poudlard Express - Statistiques

Statistiques générales
  • Ce quiz a été pris 194 fois
    53 depuis la dernière actualisation
  • Le résultat moyen est 6 sur 12
Statistiques - réponses
Information Réponse % Correct
Première apparition Harry Potter à l'école des sorciers
96%
Derniere apparition Harry Potter et les Reliques de la Mort
96%
Quai 9 3/4
92%
Passagers Elèves et sorcière à chariot
73%
Gare King's Cross
71%
Heure de départ 11 heures
63%
Personnes qui vont dans le wagon placé à l'avant du train Préfets
52%
Utilisation Emmener les élèves à Poudlard
38%
Fabricants initiaux Moldus
10%
Numéro de la locomotive 5972
8%
Modificateur Ministère de la Magie
8%
Ville d'origine Crewe
4%
Aucun quiz correspondant
Distribution des résultats
% des personnes avec chaque résultat
Percentile par nombre de réponses
Votre historique - résultats
Vous n’avez pas pris ce quiz depuis la dernière actualisation